[Event "49th RUS-ch (w)"]
[Site "Moscow RUS"]
[Date "1999.05.18"]
[Round "4"]
[White "Lundina, Aelita"]
[Black "Gansvind, Valeria"]
[Result "1-0"]
[WhiteElo "2220"]
[BlackElo "2240"]
[EventDate "1999.05.15"]
[PlyCount "163"]

1.c4 e5 2.g3 Nc6 3.Bg2 d6 4.Nc3 Be6 5.d3 Qd7 6.Nd5 Nd8 7.Nf3 c6 8.Ne3 f6 
9.d4 Bf7 10.d5 Ne7 11.O-O c5 12.Nc2 g5 13.e4 Bg6 14.h4 h6 15.Qe2 Bg7 16.
Bd2 O-O 17.hxg5 fxg5 18.Nh2 Kh7 19.b3 Ng8 20.Rae1 Rb8 21.f4 exf4 22.gxf4 
gxf4 23.Bxf4 Nf7 24.Ne3 Rbe8 25.Qf3 Ne7 26.Neg4 Ng8 27.Qg3 h5 28.Nf2 Ne5 
29.Nh3 Bf6 30.Ng5+ Bxg5 31.Bxg5 Qg7 32.Kh1 Rxf1+ 33.Rxf1 Rf8 34.Bf4 Re8 
35.Re1 Nh6 36.Nf3 Nhf7 37.Nh4 Rg8 38.Bh3 Kh8 39.Qe3 Qh7 40.Bf5 Bxf5 41.
Nxf5 Qg6 42.Rg1 Qf6 43.Rxg8+ Kxg8 44.Qg3+ Kh7 45.Qh3 Qg6 46.Ng3 Ng4 47.Kg2
Nf6 48.Kf3 Qg4+ 49.Qxg4 hxg4+ 50.Ke3 Ne8 51.a3 Kg6 52.Nf5 Kf6 53.Bg3 Ne5 
54.Bh4+ Kg6 55.Be7 Nf7 56.Kf4 Kh5 57.Ng3+ Kg6 58.Kxg4 Ne5+ 59.Kf4 Kf7 60.
Bd8 Ng7 61.Nf5 Nxf5 62.exf5 Nd3+ 63.Ke3 Ne5 64.Ke4 Ke8 65.Bf6 Nf7 66.Kf4 
Kd7 67.Kg4 Ke8 68.Kh5 b6 69.Kg6 Kf8 70.Bg7+ Ke7 71.Bc3 a6 72.a4 Ke8 73.Kf6
Nd8 74.Bd2 Kd7 75.Bf4 Nb7 76.Kg7 b5 77.f6 bxa4 78.bxa4 Nd8 79.f7 Nxf7 80.
Kxf7 Kc7 81.Ke7 Kb6 82.Bxd6 1-0

[Event "49th RUS-ch (w)"]
[Site "Moscow RUS"]
[Date "1999.05.18"]
[Round "4"]
[White "Matveeva, Svetlana"]
[Black "Fatalibekova, Elena"]
[Result "1/2-1/2"]
[WhiteElo "2405"]
[BlackElo "2271"]
[EventDate "1999.05.15"]
[PlyCount "83"]

1.d4 Nf6 2.c4 e6 3.Nc3 d5 4.Nf3 c6 5.Bg5 h6 6.Bh4 dxc4 7.e4 g5 8.Bg3 b5 9.
h4 g4 10.Ne5 Bb4 11.f3 Bb7 12.h5 Nbd7 13.Qd2 gxf3 14.gxf3 Rg8 15.Bf4 Nxe5 
16.Bxe5 Rg5 17.O-O-O Qe7 18.Bf4 Rxh5 19.Rxh5 Nxh5 20.Bxh6 O-O-O 21.Qh2 
Bxc3 22.bxc3 Qa3+ 23.Qb2 Qxb2+ 24.Kxb2 c5 25.Be3 cxd4 26.Rxd4 Rxd4 27.Bxd4
a6 28.Be5 f6 29.Bh2 e5 30.Bg1 Nf4 31.Kc2 Kd7 32.Kd2 Kd6 33.Bb6 Bc8 34.Bd8 
f5 35.Bb6 fxe4 36.fxe4 Bg4 37.Ke3 Bd1 38.a3 Bc2 39.Be2 Nxe2 40.Kxe2 Bxe4 
41.Ke3 Bb1 42.Bd8 1/2-1/2

[Event "49th RUS-ch (w)"]
[Site "Moscow RUS"]
[Date "1999.05.18"]
[Round "4"]
[White "Mirzoeva, Elmira"]
[Black "Verevochkina, Elena"]
[Result "1-0"]
[WhiteElo "2161"]
[BlackElo "2150"]
[EventDate "1999.05.15"]
[PlyCount "115"]

1.e4 c5 2.Nf3 Nc6 3.d3 d6 4.g3 g6 5.Bg2 Bg7 6.O-O Nf6 7.Nc3 Rb8 8.Bf4 O-O 
9.Qd2 Re8 10.h3 b5 11.g4 b4 12.Nd1 h5 13.g5 Nd7 14.Bg3 Nb6 15.Nh4 e5 16.
Nf3 Be6 17.Ne3 Re7 18.h4 Rc7 19.b3 a5 20.a4 bxa3 21.Rxa3 Ra7 22.Rfa1 Rba8 
23.Nc4 Bxc4 24.bxc4 Rb8 25.Ne1 Na8 26.c3 Rab7 27.R1a2 Rb1 28.Bf3 R8b3 29.
Rxb3 Rxb3 30.Bd1 Rb7 31.Ba4 Na7 32.Qd1 Qb8 33.Bc2 Qd8 34.Ng2 Nc8 35.Ne3 f6
36.gxf6 Bxf6 37.Ng2 Ra7 38.Qb1 Qc7 39.Ne3 Rb7 40.Qa1 Bd8 41.d4 Qg7 42.dxe5
dxe5 43.Ba4 Nab6 44.Bb5 Nd6 45.Qd1 Nf7 46.Nd5 g5 47.hxg5 Qxg5 48.f4 exf4 
49.Nxf4 Bc7 50.Rg2 Kh8 51.Ne6 Qe3+ 52.Bf2 Qxe4 53.Nxc5 Qf5 54.Nxb7 a4 55.
c5 Nd5 56.Bd4+ Ne5 57.Bd3 Qh3 58.Qe2 1-0

[Event "49th RUS-ch (w)"]
[Site "Moscow RUS"]
[Date "1999.05.18"]
[Round "4"]
[White "Ovchinnikova, Yulia"]
[Black "Mashinskaya, Yulia"]
[Result "1-0"]
[WhiteElo "2205"]
[BlackElo "2354"]
[EventDate "1999.05.15"]
[PlyCount "81"]

1.d4 d5 2.c4 c6 3.Nf3 Nf6 4.Nc3 dxc4 5.a4 Bf5 6.Nh4 e6 7.Nxf5 exf5 8.e3 
Bd6 9.Bxc4 O-O 10.h3 a5 11.Qf3 Qd7 12.Bd3 g6 13.g4 f4 14.e4 Re8 15.O-O Bc7
16.e5 Nd5 17.Ne4 f5 18.exf6 Na6 19.Bc4 Kh8 20.Bd2 b6 21.Rac1 Nab4 22.Rfe1 
h6 23.Kg2 Rf8 24.h4 Rae8 25.g5 h5 26.Nc3 Rxe1 27.Bxe1 Re8 28.Bd2 Bb8 29.
Nxd5 Nxd5 30.Bxd5 cxd5 31.Bxf4 Bd6 32.Bg3 Bxg3 33.Qxg3 Re4 34.Qb8+ Re8 35.
Qf4 Re4 36.Qb8+ Re8 37.Qg3 Re4 38.Rc7 Qe8 39.Re7 Rxe7 40.fxe7 Qxe7 41.Qe5+
1-0

[Event "49th RUS-ch (w)"]
[Site "Moscow RUS"]
[Date "1999.05.18"]
[Round "4"]
[White "Poliakova, Natalia"]
[Black "Shadrina, Tatiana"]
[Result "0-1"]
[WhiteElo "2218"]
[BlackElo "2325"]
[EventDate "1999.05.15"]
[PlyCount "94"]

1.d4 d5 2.Bf4 Nf6 3.e3 e6 4.Nd2 c5 5.c3 Nc6 6.Bd3 Bd6 7.Bxd6 Qxd6 8.f4 Bd7
9.Qf3 O-O-O 10.Ne2 Kb8 11.O-O Ng8 12.dxc5 Qxc5 13.b4 Qb6 14.a4 Nce7 15.a5 
Qd6 16.a6 b6 17.Nc4 Qc7 18.Ne5 Be8 19.Nd4 Nh6 20.Rfc1 Ng6 21.Bxg6 hxg6 22.
c4 Qd6 23.c5 Qc7 24.cxb6 Qxb6 25.Nec6+ Bxc6 26.Rxc6 Qxb4 27.Qd1 Ka8 28.Rb1
Qe7 29.Rb7 Rd7 30.Qb1 Rxb7 31.axb7+ Qxb7 32.Qc2 Rb8 33.Rc7 Qb1+ 34.Qxb1 
Rxb1+ 35.Kf2 Kb8 36.Re7 Rc1 37.h3 Rc7 38.Re8+ Kb7 39.g4 a5 40.Kf3 a4 41.
Nb5 Rc5 42.Re7+ Kb6 43.Nd4 a3 44.Re8 a2 45.Nb3 Rc3 46.Na1 Rc1 47.Nb3 Rb1 
0-1

[Event "49th RUS-ch (w)"]
[Site "Moscow RUS"]
[Date "1999.05.18"]
[Round "4"]
[White "Stepovaya-Dianchenko, Tatiana"]
[Black "Andreeva, Natalia"]
[Result "1-0"]
[WhiteElo "2444"]
[BlackElo "2254"]
[EventDate "1999.05.15"]
[PlyCount "149"]

1.e4 c5 2.d3 Nc6 3.f4 d5 4.Be2 dxe4 5.dxe4 Qxd1+ 6.Bxd1 b6 7.c3 Bb7 8.Be3 
e5 9.f5 Nf6 10.Nd2 g6 11.fxg6 hxg6 12.Nh3 Bh6 13.Bxh6 Rxh6 14.Nf2 Ke7 15.
Bf3 Rah8 16.h3 Bc8 17.Nc4 Be6 18.Ne3 Rd8 19.g4 Rh7 20.Ke2 Na5 21.b3 Nb7 
22.Rhd1 Rxd1 23.Rxd1 Nd6 24.c4 Nd7 25.Rh1 g5 26.Nfd1 Nb8 27.Nc3 Nc6 28.
Nf5+ Kd7 29.Kf2 Nd4 30.Bg2 Nc8 31.Rf1 Ne7 32.Nxe7 Kxe7 33.Ke3 Rh6 34.Rf2 
Kd7 35.Rb2 Kc6 36.a3 Bd7 37.Nd5 Kd6 38.Kf2 Bc6 39.Ne3 Rf6+ 40.Nf5+ Nxf5 
41.exf5 e4 42.Ke3 Rh6 43.Rd2+ Kc7 44.b4 cxb4 45.axb4 a5 46.b5 Bb7 47.Bxe4 
Rxh3+ 48.Kd4 Bxe4 49.Kxe4 Rg3 50.Kd5 Rxg4 51.Re2 Kd7 52.f6 Rf4 53.Re7+ Kd8
54.Rxf7 Ke8 55.Re7+ Kf8 56.Ke5 Rxc4 57.Rb7 g4 58.Ke6 Rc8 59.Rf7+ Kg8 60.
Rg7+ Kf8 61.Rxg4 Rc1 62.Rd4 Re1+ 63.Kd7 Re5 64.Rd6 a4 65.Rxb6 a3 66.Rb8+ 
Kf7 67.b6 Ra5 68.b7 a2 69.Rf8+ Kg6 70.Rg8+ Kf7 71.b8=Q Rd5+ 72.Kc6 a1=Q 
73.Qe8+ Kxf6 74.Qg6+ Ke7 75.Re8# 1-0

[Event "49th RUS-ch (w)"]
[Site "Moscow RUS"]
[Date "1999.05.18"]
[Round "4"]
[White "Zayats, Elena"]
[Black "Demina, Yulia"]
[Result "1/2-1/2"]
[WhiteElo "2293"]
[BlackElo "2361"]
[EventDate "1999.05.15"]
[PlyCount "30"]

1.d4 d5 2.c4 dxc4 3.Nf3 e6 4.e3 c5 5.Bxc4 a6 6.O-O Nf6 7.dxc5 Qxd1 8.Rxd1 
Bxc5 9.Nbd2 b6 10.Nb3 Be7 11.Bd2 Bb7 12.Nbd4 Nbd7 13.Rac1 Rc8 14.Be2 O-O 
15.Be1 g6 1/2-1/2

[Event "49th RUS-ch (w)"]
[Site "Moscow RUS"]
[Date "1999.05.18"]
[Round "4"]
[White "Zakurdyaeva, Irina"]
[Black "Stiazhkina, Olga"]
[Result "0-1"]
[WhiteElo "2143"]
[BlackElo "2340"]
[EventDate "1999.05.15"]
[PlyCount "82"]

1.e4 e5 2.Nf3 Nc6 3.d4 exd4 4.Nxd4 Bb4+ 5.c3 Bc5 6.Be3 Bb6 7.Qa4 Nf6 8.Nd2
O-O 9.O-O-O Qe8 10.Bb5 Nxd4 11.Bxd4 Bxd4 12.Qxd4 a6 13.Ba4 b5 14.e5 c5 15.
Qf4 Nh5 16.Qf3 Rb8 17.Qxh5 bxa4 18.Rhe1 d5 19.exd6 Qb5 20.b4 axb3 21.axb3 
Be6 22.Qe2 Qa5 23.Kb2 Bxb3 24.Nxb3 Qa4 25.Qc2 c4 26.d7 Rxb3+ 27.Kc1 Qa3+ 
28.Kd2 Rb2 29.Re8 Rxc2+ 30.Kxc2 Qa4+ 31.Kc1 Rxe8 32.d8=Q Qa3+ 33.Kb1 Qb3+ 
34.Kc1 Qxc3+ 35.Kb1 Qb3+ 36.Kc1 Qa3+ 37.Kc2 Qa4+ 38.Kc1 h6 39.Qd4 Re2 40.
Qc3 Rxf2 41.Rd4 Qa2 0-1

[Event "49th RUS-ch (w)"]
[Site "Moscow RUS"]
[Date "1999.05.19"]
[Round "5"]
[White "Chasovnikova, Evgenia"]
[Black "Polovnikova, Ekaterina"]
[Result "1-0"]
[WhiteElo "2247"]
[BlackElo "2336"]
[EventDate "1999.05.15"]
[PlyCount "65"]

1.d4 d5 2.c4 dxc4 3.Nf3 Nf6 4.e3 e6 5.Bxc4 c5 6.O-O a6 7.Bb3 Nc6 8.Qe2 Qc7
9.Nc3 Be7 10.Bd2 O-O 11.Rac1 Rd8 12.Na4 cxd4 13.exd4 b5 14.Nc5 Qb6 15.Be3 
Nd5 16.Rfd1 Bb7 17.Bg5 h6 18.Bxe7 Ncxe7 19.Ne5 Nf5 20.Qh5 g6 21.Nxg6 Nf6 
22.Qh3 fxg6 23.Bxe6+ Kf8 24.Bxf5 gxf5 25.Qxh6+ Kf7 26.Qf4 Rac8 27.Qxf5 Qc6
28.f3 Qd5 29.Qf4 Kg7 30.Re1 Re8 31.Rxe8 Nxe8 32.Re1 Qf7 33.Qxf7+ 1-0

[Event "49th RUS-ch (w)"]
[Site "Moscow RUS"]
[Date "1999.05.19"]
[Round "5"]
[White "Demina, Yulia"]
[Black "Stepovaya-Dianchenko, Tatiana"]
[Result "1/2-1/2"]
[WhiteElo "2361"]
[BlackElo "2444"]
[EventDate "1999.05.15"]
[PlyCount "116"]

1.Nf3 d5 2.c4 e6 3.g3 c6 4.Qc2 dxc4 5.Qxc4 b5 6.Qb3 Bb7 7.Bg2 Nd7 8.d4 
Ngf6 9.O-O a6 10.a4 c5 11.axb5 Bd5 12.Qc2 Be4 13.Qb3 Bd5 14.Qc2 axb5 15.
Rxa8 Qxa8 16.Nc3 Bc6 17.dxc5 Bxc5 18.Bg5 b4 19.Nb1 O-O 20.Bxf6 gxf6 21.Ne1
Rc8 22.Bxc6 Qxc6 23.Qb3 Bf8 24.Nd2 Ne5 25.Qe3 Bg7 26.h3 f5 27.Kh2 Qd5 28.
f4 Rd8 29.Nef3 Nxf3+ 30.Nxf3 Bxb2 31.Qb6 Bc3 32.g4 Qd6 33.Qxd6 Rxd6 34.
gxf5 exf5 35.Rc1 Rb6 36.Kg2 Kf8 37.Kf2 Ke7 38.e3 Ra6 39.Ke2 Ra2+ 40.Kd3 
Rf2 41.Nd4 Rd2+ 42.Kc4 Bxd4 43.exd4 b3 44.Rb1 b2 45.Kc3 Rh2 46.Rxb2 Rxh3+ 
47.Kc4 Rf3 48.Rh2 Rxf4 49.Rxh7 Ke6 50.Rh6+ f6 51.Rh8 Rf1 52.d5+ Kd6 53.
Rd8+ Ke7 54.Ra8 f4 55.Kd4 Re1 56.Ra7+ Ke8 57.Ra3 f5 58.d6 Kd7 1/2-1/2

[Event "49th RUS-ch (w)"]
[Site "Moscow RUS"]
[Date "1999.05.19"]
[Round "5"]
[White "Ershova, Svetlana"]
[Black "Kosintseva, Nadezhda"]
[Result "1-0"]
[WhiteElo "2263"]
[BlackElo "2209"]
[EventDate "1999.05.15"]
[PlyCount "125"]

1.d4 f5 2.c4 Nf6 3.Nc3 e6 4.Qc2 Bb4 5.e3 b6 6.Bd3 Bb7 7.f3 O-O 8.Ne2 c5 9.
d5 exd5 10.Bxf5 dxc4 11.e4 Nc6 12.O-O Kh8 13.Nb5 Ba6 14.a4 Ne7 15.Bh3 d5 
16.exd5 Nexd5 17.Qxc4 Bc8 18.Bxc8 Qxc8 19.Nf4 Qc6 20.Nd3 a6 21.Nd4 Qd6 22.
Nf5 Qd7 23.Ng3 Ba5 24.Bg5 Rfe8 25.Ne4 Qf5 26.Nd6 Qe6 27.Nxe8 Qxe8 28.Nf2 
h6 29.Bxf6 Nxf6 30.Rad1 Qe5 31.Nd3 Qe3+ 32.Kh1 Qe2 33.Qc1 Rc8 34.Nf4 Qe8 
35.Nd5 Nxd5 36.Rxd5 Qxa4 37.Qe3 Re8 38.Re5 Rxe5 39.Qxe5 Qc2 40.f4 Qg6 41.
f5 Qf6 42.Qxf6 gxf6 43.Rd1 Kg7 44.Rd6 h5 45.g3 c4 46.Kg2 b5 47.Rxa6 Bd2 
48.Rb6 b4 49.Rc6 c3 50.b3 Bg5 51.Kf3 h4 52.g4 Bc1 53.h3 Bb2 54.Ke2 Bc1 55.
Kd3 Kf7 56.Rc7+ Kg8 57.Rb7 Ba3 58.Ra7 Bb2 59.Ra4 Kg7 60.Rxb4 Kh6 61.Kc2 
Kg5 62.Ra4 Kh6 63.b4 1-0

[Event "49th RUS-ch (w)"]
[Site "Moscow RUS"]
[Date "1999.05.19"]
[Round "5"]
[White "Fatalibekova, Elena"]
[Black "Lopatskaya, Elena"]
[Result "0-1"]
[WhiteElo "2271"]
[BlackElo "2284"]
[EventDate "1999.05.15"]
[PlyCount "46"]

1.e4 d5 2.exd5 Nf6 3.Bb5+ Bd7 4.Be2 Nxd5 5.d4 Bf5 6.Nf3 e6 7.O-O Be7 8.a3 
O-O 9.c4 Nb6 10.Nc3 Nc6 11.Be3 Bf6 12.b4 Bg4 13.c5 Nd5 14.Ne4 a6 15.Rc1 
Be7 16.h3 Bxf3 17.Bxf3 f5 18.Nc3 f4 19.Bd2 Nxd4 20.Bxd5 exd5 21.Qh5 c6 22.
Rfe1 Bg5 23.Rcd1 g6 0-1

[Event "49th RUS-ch (w)"]
[Site "Moscow RUS"]
[Date "1999.05.19"]
[Round "5"]
[White "Kosintseva, Tatiana"]
[Black "Poliakova, Natalia"]
[Result "1-0"]
[WhiteElo "2177"]
[BlackElo "2218"]
[EventDate "1999.05.15"]
[PlyCount "71"]

1.e4 d5 2.exd5 Qxd5 3.Nc3 Qa5 4.Nf3 Nf6 5.h3 c6 6.Bd3 Nbd7 7.O-O Nc5 8.Be2
Ne6 9.d4 g5 10.Bc4 h6 11.Ne5 a6 12.Ne2 Rg8 13.f4 g4 14.h4 Nd5 15.f5 Ng7 
16.Ng3 h5 17.Bb3 f6 18.Nd3 Rh8 19.Nc5 e5 20.Nce4 exd4 21.Qxd4 Be7 22.Bxd5 
cxd5 23.Nxf6+ Kf7 24.b4 Bxb4 25.Qxd5+ Qxd5 26.Nxd5 Bc5+ 27.Kh1 Bd7 28.Ne4 
Bc6 29.c4 Bxd5 30.cxd5 Bd4 31.Rb1 b6 32.Nd6+ Kf8 33.Ba3 Kg8 34.f6 Rh6 35.
f7+ Kh7 36.f8=Q 1-0

[Event "49th RUS-ch (w)"]
[Site "Moscow RUS"]
[Date "1999.05.19"]
[Round "5"]
[White "Kosteniuk, Alexandra"]
[Black "Kulish, Irina"]
[Result "1/2-1/2"]
[WhiteElo "2329"]
[BlackElo "2280"]
[EventDate "1999.05.15"]
[PlyCount "81"]

1.e4 e6 2.Nf3 d5 3.Nc3 d4 4.Ne2 c5 5.d3 Nc6 6.g3 g6 7.Bg2 Bg7 8.O-O Nge7 
9.Nd2 e5 10.f4 exf4 11.gxf4 O-O 12.f5 gxf5 13.Ng3 fxe4 14.Ndxe4 f5 15.Nxc5
Qd6 16.Nb3 Nd5 17.Qf3 Ne3 18.Bxe3 dxe3 19.Qxe3 Bxb2 20.Rab1 Be5 21.Bxc6 
bxc6 22.d4 Bg7 23.Qf4 Qg6 24.Qh4 Ba6 25.Rf2 f4 26.Rxf4 Qxc2 27.Re1 Rxf4 
28.Qxf4 Rf8 29.Qe3 Kh8 30.Nc5 Bc8 31.Re2 Qb1+ 32.Kg2 Qg6 33.Nd3 Qd6 34.Ne5
Qd5+ 35.Kg1 c5 36.dxc5 Bb7 37.c6 Bxc6 38.Nxc6 Qxc6 39.Qe4 Qc5+ 40.Kg2 a5 
41.Rc2 1/2-1/2

[Event "49th RUS-ch (w)"]
[Site "Moscow RUS"]
[Date "1999.05.19"]
[Round "5"]
[White "Kovalevskaya, Ekaterina"]
[Black "Grabuzova, Tatiana"]
[Result "1/2-1/2"]
[WhiteElo "2494"]
[BlackElo "2281"]
[EventDate "1999.05.15"]
[PlyCount "71"]

1.e4 e6 2.d4 d5 3.Nc3 Nf6 4.Bg5 Bb4 5.exd5 Qxd5 6.Bxf6 Bxc3+ 7.bxc3 gxf6 
8.Qd2 Qa5 9.Bd3 Bd7 10.Ne2 Bc6 11.f3 Nd7 12.O-O Qg5 13.Qxg5 fxg5 14.f4 g4 
15.c4 b6 16.Rae1 O-O-O 17.Nc1 Nf8 18.c3 Ng6 19.Bxg6 hxg6 20.Nd3 Rh7 21.Ne5
Bb7 22.Nxg4 Ba6 23.Ne3 Rdh8 24.h3 Rh5 25.Rf2 Ra5 26.Rb1 Ra3 27.Rb3 Ra4 28.
Rb4 Ra3 29.Rb3 Ra4 30.Rb4 Ra3 31.Rc2 f5 32.Kf2 Bb7 33.Rb3 Ra4 34.Rb4 Ra3 
35.Rb3 Ra4 36.Rb4 1/2-1/2

[Event "49th RUS-ch (w)"]
[Site "Moscow RUS"]
[Date "1999.05.19"]
[Round "5"]
[White "Mashinskaya, Yulia"]
[Black "Mirzoeva, Elmira"]
[Result "0-1"]
[WhiteElo "2354"]
[BlackElo "2161"]
[EventDate "1999.05.15"]
[PlyCount "74"]

1.e4 d5 2.exd5 Nf6 3.Bb5+ Bd7 4.Bc4 Bg4 5.f3 Bc8 6.Nc3 Nbd7 7.Nge2 Nb6 8.
Bb3 Nbxd5 9.Nxd5 Nxd5 10.d4 e6 11.O-O g6 12.c4 Ne7 13.Bg5 Bg7 14.Qd2 O-O 
15.Rad1 b6 16.Rfe1 Qd7 17.Kh1 Bb7 18.Bc2 Rfe8 19.Be4 c6 20.b4 Rac8 21.a4 
Nf5 22.g4 Nd6 23.c5 Nxe4 24.fxe4 e5 25.dxe5 Qxg4 26.Qf4 Qxf4 27.Nxf4 bxc5 
28.Rd7 Rb8 29.bxc5 Bxe5 30.Nd3 Bc3 31.Rc1 Bc8 32.Rxa7 Bg7 33.Rc7 Rxe4 34.
a5 Rg4 35.Bf4 Bf5 36.h3 Be4+ 37.Kh2 Rg2+ 0-1

[Event "49th RUS-ch (w)"]
[Site "Moscow RUS"]
[Date "1999.05.19"]
[Round "5"]
[White "Ovod, Evgenia"]
[Black "Lundina, Aelita"]
[Result "1-0"]
[WhiteElo "2290"]
[BlackElo "2220"]
[EventDate "1999.05.15"]
[PlyCount "67"]

1.d4 Nf6 2.c4 g6 3.Nc3 Bg7 4.e4 d6 5.Nf3 O-O 6.Be2 e5 7.O-O exd4 8.Nxd4 
Re8 9.f3 Nc6 10.Nc2 Nh5 11.g4 Be5 12.f4 Bxc3 13.gxh5 Ba5 14.hxg6 hxg6 15.
Bf3 Bh3 16.Rf2 Bb6 17.Be3 Qf6 18.Qc1 Bxe3 19.Qxe3 Qxb2 20.Rd1 Qf6 21.Kh1 
Be6 22.Be2 Qh4 23.Rg2 Re7 24.Qf3 Rae8 25.Bd3 Kf8 26.Rdg1 Rd7 27.f5 Ne5 28.
Qf1 Bxc4 29.Bxc4 Qxe4 30.fxg6 Nxc4 31.Qf6 Ne5 32.Qh8+ Ke7 33.Qxe8+ Kxe8 
34.g7 1-0

[Event "49th RUS-ch (w)"]
[Site "Moscow RUS"]
[Date "1999.05.19"]
[Round "5"]
[White "Shadrina, Tatiana"]
[Black "Slavina, Irina"]
[Result "1-0"]
[WhiteElo "2325"]
[BlackElo "2265"]
[EventDate "1999.05.15"]
[PlyCount "77"]

1.e4 d6 2.d4 g6 3.Be3 Bg7 4.Nc3 a6 5.Qd2 b5 6.f3 Nd7 7.Nge2 c5 8.dxc5 dxc5
9.Rd1 Bb7 10.Nf4 Ngf6 11.Be2 O-O 12.O-O Rc8 13.g4 b4 14.Nb1 e5 15.Ng2 Rc7 
16.c3 Qe7 17.g5 Ne8 18.a3 bxa3 19.Nxa3 f5 20.gxf6 Nexf6 21.Nc4 Bc6 22.Nd6 
a5 23.b4 axb4 24.Qa2+ Kh8 25.Qa5 Qd8 26.cxb4 cxb4 27.Bc4 Qb8 28.Nf7+ Rxf7 
29.Bxf7 g5 30.Rb1 Bf8 31.Rfc1 Rc8 32.Bxg5 Be7 33.Qa6 Bb7 34.Qe6 Rxc1+ 35.
Rxc1 Qd8 36.Rd1 Bc8 37.Ne3 Bc5 38.Kh1 Qb6 39.Bxf6+ 1-0

[Event "49th RUS-ch (w)"]
[Site "Moscow RUS"]
[Date "1999.05.19"]
[Round "5"]
[White "Shumiakina, Tatiana"]
[Black "Zakurdyaeva, Irina"]
[Result "1-0"]
[WhiteElo "2407"]
[BlackElo "2143"]
[EventDate "1999.05.15"]
[PlyCount "105"]

1.d4 d5 2.c4 c6 3.Nf3 Nf6 4.Nc3 e6 5.e3 Nbd7 6.Bd3 dxc4 7.Bxc4 b5 8.Be2 
Bb7 9.e4 b4 10.e5 bxc3 11.exf6 cxb2 12.fxg7 bxa1=Q 13.gxh8=Q Qa5+ 14.Nd2 
Qf5 15.O-O O-O-O 16.Nc4 Qxa2 17.Bd3 Qf6 18.Qxh7 Nb6 19.Nxb6+ axb6 20.Be3 
Bd6 21.Qdh5 Rd7 22.Be4 Qd8 23.Q7h6 Qa4 24.Bf3 Kc7 25.Qh8 Qxh8 26.Qxh8 Qa5 
27.Qf6 Qa8 28.Rb1 b5 29.Rc1 Qd8 30.Qh6 Qf8 31.Qh5 f5 32.Bd2 b4 33.Qg6 Qh8 
34.g3 Qxd4 35.Be3 Qe5 36.Rd1 Rg7 37.Qh6 Rd7 38.Bd4 Qb5 39.Qxe6 f4 40.Be2 
Qg5 41.Bb6+ Kxb6 42.Qxd7 Bc7 43.Bf3 fxg3 44.hxg3 Qc5 45.Kg2 Qc3 46.Rh1 b3 
47.Rh7 Qe5 48.Re7 Qd6 49.Qxd6 Bxd6 50.Re3 Kb5 51.Rxb3+ Bb4 52.Rb1 Kc4 53.
Be4 1-0

[Event "49th RUS-ch (w)"]
[Site "Moscow RUS"]
[Date "1999.05.19"]
[Round "5"]
[White "Stiazhkina, Olga"]
[Black "Galianina, Yulia"]
[Result "1-0"]
[WhiteElo "2340"]
[BlackElo "2300"]
[EventDate "1999.05.15"]
[PlyCount "77"]

1.e4 c5 2.Nc3 Nc6 3.f4 g6 4.Nf3 Bg7 5.Bc4 e6 6.f5 Nge7 7.fxe6 fxe6 8.d3 d5
9.Bb3 b5 10.O-O Bxc3 11.bxc3 c4 12.Ng5 Qb6+ 13.Kh1 Nd8 14.Qf3 cxb3 15.Qf6 
Rg8 16.Ba3 b4 17.Bxb4 Nec6 18.Ba3 b2 19.Rab1 Qa5 20.Bd6 Kd7 21.Qf4 Qxc3 
22.exd5 exd5 23.Nxh7 Ne6 24.Nf6+ Qxf6 25.Qxf6 Kxd6 26.Qxb2 Bd7 27.Qa3+ Kc7
28.d4 Ncxd4 29.Qg3+ Kc6 30.Rf6 g5 31.Qc3+ Kd6 32.Qxd4 Rab8 33.Re1 Rge8 34.
h3 Rbc8 35.Qb4+ Rc5 36.c4 a5 37.Qa3 d4 38.Rf5 Rc8 39.Rd5+ 1-0

[Event "49th RUS-ch (w)"]
[Site "Moscow RUS"]
[Date "1999.05.19"]
[Round "5"]
[White "Strutinskaya, Galina"]
[Black "Matveeva, Svetlana"]
[Result "0-1"]
[WhiteElo "2295"]
[BlackElo "2405"]
[EventDate "1999.05.15"]
[PlyCount "52"]

1.d4 e6 2.c4 b6 3.a3 Bb7 4.Nc3 f5 5.Qc2 Nf6 6.Bg5 Be7 7.e3 O-O 8.f3 c5 9.
Nge2 Nc6 10.d5 Ne5 11.Ng3 Nxd5 12.cxd5 Bxg5 13.f4 Ng4 14.fxg5 Nxe3 15.Qf2 
f4 16.Bd3 exd5 17.Nf1 c4 18.Bb1 d4 19.Nxe3 dxc3 20.Qc2 g6 21.Nxc4 Re8+ 22.
Kf1 d5 23.Ba2 b5 24.bxc3 dxc4 25.h4 Re3 26.Rd1 Qe7 0-1

[Event "49th RUS-ch (w)"]
[Site "Moscow RUS"]
[Date "1999.05.19"]
[Round "5"]
[White "Verevochkina, Elena"]
[Black "Gansvind, Valeria"]
[Result "1-0"]
[WhiteElo "2150"]
[BlackElo "2240"]
[EventDate "1999.05.15"]
[PlyCount "107"]

1.d4 g6 2.Nf3 Bg7 3.c4 d6 4.Nc3 c6 5.g3 Bg4 6.Bg2 Bxf3 7.exf3 Qb6 8.d5 Nf6
9.O-O O-O 10.Re1 Re8 11.Qb3 Qc7 12.f4 Nbd7 13.h3 cxd5 14.cxd5 Nc5 15.Qd1 
a6 16.Be3 Rac8 17.Rc1 Qb8 18.b4 Ncd7 19.Qb3 b5 20.Ne2 Nb6 21.Nd4 Nc4 22.
Nc6 Qb7 23.a4 Qd7 24.Bd4 e6 25.axb5 axb5 26.dxe6 fxe6 27.Na5 d5 28.Qd3 
Nxa5 29.bxa5 Rc4 30.Rcd1 Nh5 31.Bxg7 Nxg7 32.Ra1 Qa7 33.Bf1 Rec8 34.Ra2 b4
35.Qb3 Rd4 36.Kg2 Rc3 37.Qb2 Qa8 38.a6 Re4 39.Rb1 d4 40.Kh2 d3 41.Bg2 Nf5 
42.Bxe4 Qxe4 43.a7 Rc8 44.Qe5 Qa8 45.Qxe6+ Kg7 46.Qxc8 Qxc8 47.a8=Q Qc3 
48.Qb7+ Kh6 49.Qxb4 Qf6 50.Rd2 Qd8 51.Qc4 Qa5 52.Qxd3 Qa8 53.Qd8 Qe4 54.
Qg5+ 1-0

[Event "49th RUS-ch (w)"]
[Site "Moscow RUS"]
[Date "1999.05.19"]
[Round "5"]
[White "Zaitseva, Ludmila"]
[Black "Zayats, Elena"]
[Result "0-1"]
[WhiteElo "2334"]
[BlackElo "2293"]
[EventDate "1999.05.15"]
[PlyCount "66"]

1.d4 d5 2.Bf4 Nf6 3.e3 c5 4.c3 Nc6 5.Nd2 g6 6.Be2 Bg7 7.Ngf3 Nd7 8.Nb3 c4 
9.Nbd2 O-O 10.e4 dxe4 11.Nxe4 b5 12.Qd2 Bb7 13.d5 Nce5 14.Rd1 Rc8 15.h4 
Nd3+ 16.Bxd3 cxd3 17.Bh6 Rc4 18.Ng3 Nf6 19.Bxg7 Kxg7 20.h5 Qxd5 21.hxg6 
fxg6 22.Qe3 Ng4 23.Qxd3 Qe6+ 24.Kf1 Rcf4 25.Rxh7+ Kg8 26.Re1 Qb6 27.Qe2 
Kxh7 28.Qxe7+ Kg8 29.Re2 Bxf3 30.gxf3 Rxf3 31.Ne4 Nxf2 32.Nd6 Ne4+ 33.Kg2 
Rg3+ 0-1

[Event "49th RUS-ch (w)"]
[Site "Moscow RUS"]
[Date "1999.05.21"]
[Round "6"]
[White "Fatalibekova, Elena"]
[Black "Chasovnikova, Evgenia"]
[Result "1-0"]
[WhiteElo "2271"]
[BlackElo "2247"]
[EventDate "1999.05.15"]
[PlyCount "123"]

1.Nf3 Nf6 2.c4 g6 3.d4 c5 4.Nc3 cxd4 5.Nxd4 Bg7 6.e4 d6 7.Be2 O-O 8.O-O 
Nc6 9.Be3 Nxd4 10.Bxd4 Bd7 11.Rc1 Bc6 12.f3 Qa5 13.Qd2 a6 14.Rfd1 Nd7 15.
Be3 Rfc8 16.Bg5 Qd8 17.b3 b5 18.Nd5 Bxd5 19.cxd5 a5 20.Rxc8 Rxc8 21.Rc1 
Rxc1+ 22.Qxc1 Bd4+ 23.Kf1 f6 24.Bd2 b4 25.Qc4 Ba7 26.Qc6 Qb6 27.Qxb6 Bxb6 
28.Bb5 Nc5 29.Ke2 Kf7 30.Be3 f5 31.exf5 gxf5 32.g4 fxg4 33.fxg4 e6 34.
dxe6+ Kxe6 35.h4 Bd8 36.h5 Ne4 37.Bd3 Ng5 38.Bf5+ Ke5 39.Kd3 d5 40.Bg1 h6 
41.Bh2+ Kf6 42.Bd6 Nf7 43.Bf4 Bb6 44.Bc8 Ne5+ 45.Ke2 Nf7 46.Bf5 Ng5 47.Bg6
Ke6 48.Kd3 Kf6 49.Bc1 Ke5 50.Be8 Bc5 51.Bb2+ Kf4 52.Bg7 Kxg4 53.Bxh6 Ne6 
54.Bf7 Nf4+ 55.Kd2 d4 56.Bg7 Nxh5 57.Bxh5+ Kxh5 58.Kd3 Bb6 59.Bxd4 Bd8 60.
Kc4 Kg6 61.Kb5 Kf5 62.Bb6 1-0

[Event "49th RUS-ch (w)"]
[Site "Moscow RUS"]
[Date "1999.05.21"]
[Round "6"]
[White "Galianina, Yulia"]
[Black "Lopatskaya, Elena"]
[Result "0-1"]
[WhiteElo "2300"]
[BlackElo "2284"]
[EventDate "1999.05.15"]
[PlyCount "116"]

1.d4 Nf6 2.c4 d6 3.Nc3 Nbd7 4.e4 e5 5.Nf3 Be7 6.Be2 c6 7.O-O O-O 8.Qc2 a6 
9.Rb1 Re8 10.dxe5 Nxe5 11.Nxe5 dxe5 12.b4 Be6 13.h3 b5 14.c5 a5 15.a3 axb4
16.axb4 Nd7 17.Rd1 Qc7 18.Bb2 Qb7 19.Bf1 Nf8 20.g3 Ng6 21.Bg2 h5 22.h4 Bg4
23.f3 Be6 24.Kh2 Nf8 25.Ne2 Qc7 26.Ra1 Bc4 27.Bh3 g6 28.Bc3 Ne6 29.Qb2 Bf6
30.Bxe6 Bxe6 31.Rd6 Be7 32.Bxe5 Bxd6 33.cxd6 Qb7 34.Ra5 Kh7 35.Qd2 c5 36.
Qf4 f5 37.Qg5 cxb4 38.Nf4 Qf7 39.Rxb5 Bd7 40.Rb7 Rxe5 41.Rxd7 Qxd7 42.
Qxg6+ Kh8 43.Qf6+ Qg7 44.Ng6+ Kh7 45.Qxe5 Qxe5 46.Nxe5 b3 47.Nd3 fxe4 48.
fxe4 b2 49.Nxb2 Ra2 50.g4 Rxb2+ 51.Kg3 Rd2 52.e5 Rd5 53.Kf4 hxg4 54.Ke4 
Rd1 55.Kf4 Kg6 56.Kxg4 Rd4+ 57.Kg3 Kf5 58.h5 Kxe5 0-1

[Event "49th RUS-ch (w)"]
[Site "Moscow RUS"]
[Date "1999.05.21"]
[Round "6"]
[White "Gansvind, Valeria"]
[Black "Mashinskaya, Yulia"]
[Result "1/2-1/2"]
[WhiteElo "2240"]
[BlackElo "2354"]
[EventDate "1999.05.15"]
[PlyCount "27"]

1.d4 d5 2.c4 c6 3.Nc3 Nf6 4.e3 g6 5.Nf3 Bg7 6.Bd3 O-O 7.O-O a6 8.a4 a5 9.
cxd5 Nxd5 10.Nxd5 cxd5 11.Bd2 Nc6 12.Qb3 Rb8 13.h3 e6 14.Rfc1 1/2-1/2

[Event "49th RUS-ch (w)"]
[Site "Moscow RUS"]
[Date "1999.05.21"]
[Round "6"]
[White "Grabuzova, Tatiana"]
[Black "Kosteniuk, Alexandra"]
[Result "1-0"]
[WhiteElo "2281"]
[BlackElo "2329"]
[EventDate "1999.05.15"]
[PlyCount "59"]

1.d4 f5 2.Nf3 Nf6 3.c4 g6 4.g3 Bg7 5.Bg2 d6 6.Nc3 O-O 7.O-O Qe8 8.b3 h6 9.
Ba3 g5 10.e3 Na6 11.Qd3 c6 12.Nd2 Qh5 13.f4 Ng4 14.Nf3 Bd7 15.Rae1 Rf7 16.
c5 dxc5 17.h3 Nf6 18.Ne5 Rff8 19.dxc5 Rad8 20.Qc4+ Kh7 21.e4 fxe4 22.g4 
Qe8 23.fxg5 hxg5 24.Nxe4 Bh6 25.Bc1 Nc7 26.Bxg5 Bxg5 27.Nxg5+ Kg7 28.Qc2 
Rg8 29.Rxf6 exf6 30.Qh7+ 1-0